Slovensko-anglický ekonomický slovník

Bibliographic Details
Main Author: Caforio, Aliberto (Author)
Format: Book
Language:Slovak
English
PhysicalDescription:282 strán 21 cm
Published: Bratislava Tronet 1994
ISBN:8090052711
Edition:1. vyd.
Subjects:

MARC

LEADER 00000cam a2200000 a 4500
001 vtls001077664
003 SK-MaSNL
005 20260425230643.0
008 240226s1994 xo frd 000 0 slo
015 |a SNBA1995/02 
020 |a 8090052711  |q (brožované) 
035 |a SNK000020498 
040 |a SNK  |b slo  |e AACR2  |c SNK 
041 0 |a slo  |a eng 
044 |a xo  |c SK 
072 7 |a 81  |x Lingvistika. Jazyky  |2 konspekt 
072 7 |a 33  |x Ekonómia  |2 konspekt 
080 |a 33(038)=854=20  |2 1997 
080 |a 811.162.4  |2 2011 
080 |a 811.111  |2 2011 
080 |a 33  |2 2011 
080 |a 81'373.46  |2 2011 
080 |a (038)81  |2 2011 
100 1 |a Caforio, Aliberto  |4 aut  |9 43132 
245 1 0 |a Slovensko-anglický ekonomický slovník  |c Aliberto Caforio 
246 3 |i Na prednej strane obálky:  |a ekonómia - financie - informatika - obchod - manažment - podnikanie - právo 
250 |a 1. vyd. 
260 |a Bratislava  |b Tronet  |c 1994  |e Bratislava  |f LUKAPRESS 
300 |a 282 strán  |c 21 cm 
500 |a Obsahuje použité skratky a značky 
650 0 7 |a angličtina  |2 SNKPH  |9 1260 
650 0 7 |a slovenčina  |2 SNKPH  |9 1350 
650 0 7 |a odborná terminológia  |2 SNKPH  |9 3616 
650 0 7 |a ekonómia  |2 SNKPH  |9 788 
655 7 |a terminologické slovníky  |2 SNKPH  |9 70504 
655 7 |a dvojjazyčné prekladové slovníky  |2 SNKPH  |9 70744 
919 |a 80-900527-1-1 
954 |a odborná, vedecká literatúra pôvodná (slovenská)  |2 lita 
958 |a ASJ 
958 |a TL 
958 |a OND 
958 |a EUIPO 
999 |c 682015  |d 683945 
952 |a SNK  |b SNK  |y PREZ  |7 0  |p 17A0996762  |o snkSC 87509  |i snkKSP 1063/95  |0 0  |1 0  |4 0  |d 2012-08-28  |f 1  |l 0  |r 2026-02-23 20:00:38  |w 2026-02-23 
952 |t P60, <04>, [BOOK], {604}  |a SNK  |b SNK  |y VYP  |7 0  |p 17A0057625  |o snkSC 87509 D1  |0 0  |1 0  |4 0  |d 1997-04-04  |l 0  |r 2004-12-31 00:00:00  |w 2026-02-23 
952 |t snkCAF 33(038)  |a SNKUST  |b SNKUST  |y PREZ  |7 0  |p 17A0063738  |o snkSC 87509 D2  |i snk2012/6911  |8 5  |0 0  |1 0  |4 0  |d 1997-05-20  |l 0  |r 2025-04-29 00:00:00  |w 2026-02-23